000 00346nam a2200133Ia 4500
008 240624s9999 xx 000 0 und d
041 _aeng
082 _a828 AMA
100 _aAMARNATH RAJAT
245 _aPOLTU TO PRESIDENT PRANAB MUKHERJEE
260 _c2013
_aNew Delhi
_bManas Publications
300 _a229 : p. : cm. ; 22
365 _cRS
_b25
999 _c23870
_d23870